<?xml version="1.0" encoding="UTF-8"?><?xml-stylesheet type="text/xsl" href="static/style.xsl"?><OAI-PMH xmlns="http://www.openarchives.org/OAI/2.0/" xmlns:xsi="http://www.w3.org/2001/XMLSchema-instance" xsi:schemaLocation="http://www.openarchives.org/OAI/2.0/ http://www.openarchives.org/OAI/2.0/OAI-PMH.xsd"><responseDate>2026-04-13T18:25:47Z</responseDate><request verb="GetRecord" identifier="oai:www.recercat.cat:10459.1/71947" metadataPrefix="marc">https://recercat.cat/oai/request</request><GetRecord><record><header><identifier>oai:recercat.cat:10459.1/71947</identifier><datestamp>2024-12-05T22:40:35Z</datestamp><setSpec>com_2072_3622</setSpec><setSpec>col_2072_479130</setSpec></header><metadata><record xmlns="http://www.loc.gov/MARC21/slim" xmlns:dcterms="http://purl.org/dc/terms/" xmlns:xsi="http://www.w3.org/2001/XMLSchema-instance" xmlns:doc="http://www.lyncode.com/xoai" xsi:schemaLocation="http://www.loc.gov/MARC21/slim http://www.loc.gov/standards/marcxml/schema/MARC21slim.xsd">
   <leader>00925njm 22002777a 4500</leader>
   <datafield ind2=" " ind1=" " tag="042">
      <subfield code="a">dc</subfield>
   </datafield>
   <datafield ind2=" " ind1=" " tag="720">
      <subfield code="a">Gutiérrez Carrasquilla, Liliana</subfield>
      <subfield code="e">author</subfield>
   </datafield>
   <datafield ind2=" " ind1=" " tag="260">
      <subfield code="c">2021-04-12T07:04:03Z</subfield>
   </datafield>
   <datafield ind2=" " ind1=" " tag="260">
      <subfield code="c">2021-04-12T07:04:03Z</subfield>
   </datafield>
   <datafield ind2=" " ind1=" " tag="260">
      <subfield code="c">2021-01-20</subfield>
   </datafield>
   <datafield ind2=" " ind1=" " tag="520">
      <subfield code="a">L'impacte negatiu de la diabetis mellitus (DM) tipus 2 sobre la funció pulmonar i la respiració durant el període de son ha adquirit un progressiu interès durant l'última dècada. De forma paral·lela segueixen sorgint noves preguntes a les que el treball realitzat al llarg d'aquesta Tesi Doctoral intentarà donar resposta: &#xd;
&#xd;
1.- Què passa amb la funció pulmonar en la prediabetis, una situació entre la normalitat del metabolisme hidrocarbonat i la pròpia DM tipus 2 ?&#xd;
&#xd;
2.- Quin impacte exerceix el principal pilar de tractament en la DM tipus 2, l'adopció d'uns hàbits nutricionals i un estil de vida saludable, sobre la funció pulmonar?&#xd;
&#xd;
3.- Com afecta a mig termini la millora del control glucèmic a la funció pulmonar?&#xd;
&#xd;
4.- Quin efecte té la millora del control glucèmic sobre la respiració nocturna dels pacients amb DM tipus 2 amb síndrome d'apnees de la son?.</subfield>
   </datafield>
   <datafield ind2=" " ind1=" " tag="520">
      <subfield code="a">El impacto negativo de la diabetes mellitus (DM) tipo 2 sobre la función pulmonar y la respiración durante el sueño ha adquirido un progresivo interés durante la última década. De forma paralela siguen surgiendo nuevas preguntas a las que el trabajo realizado a lo largo de esta Tesis Doctoral intentará dar respuesta: &#xd;
&#xd;
1.- ¿Qué ocurre con la función pulmonar en la prediabetes, una situación entre la normalidad del metabolismo hidrocarbonado y la propia DM tipo 2?&#xd;
&#xd;
2.- ¿Qué impacto ejerce el principal pilar de tratamiento en la DM tipo 2, la adopción de unos hábitos nutricionales y un estilo de vida saludable, sobre la función pulmonar?&#xd;
&#xd;
3.-¿Cómo afecta a medio plazo la mejoría del control glucémico sobre la función pulmonar?&#xd;
&#xd;
4.-¿Qué efecto tiene la mejoría del control glucémico sobre la respiración nocturna de los pacientes con DM tipo 2 con síndrome de apneas del sueño?</subfield>
   </datafield>
   <datafield ind2=" " ind1=" " tag="520">
      <subfield code="a">The negative impact of type 2 diabetes mellitus (DM) on pulmonary function and nocturnal sleep breathing has acquired growing interest during the last decade. Furthermore, new questions continue to arise, and therefore this Doctoral Thesis will try to answer the following: &#xd;
&#xd;
1.- What happens to pulmonary function in the prediabetes stage, a metabolic situation between a normal hydrocarbon metabolism and type 2 DM?&#xd;
&#xd;
2.- What impact does the main treatment of type 2 DM - adopting good nutritional habits and a healthy lifestyle-have on pulmonary function?&#xd;
&#xd;
3.- How does the improvement of glycemic control affects pulmonary function in the short term?&#xd;
&#xd;
4.- What effect does the improvement of glycemic control have on sleep breathing for patients with type 2 DM?.</subfield>
   </datafield>
   <datafield ind1="8" ind2=" " tag="024">
      <subfield code="a">http://hdl.handle.net/10459.1/71947</subfield>
   </datafield>
   <datafield tag="653" ind2=" " ind1=" ">
      <subfield code="a">Diabetis tipus 2</subfield>
   </datafield>
   <datafield tag="653" ind2=" " ind1=" ">
      <subfield code="a">Funció pulmonar i respiració nocturna</subfield>
   </datafield>
   <datafield tag="653" ind2=" " ind1=" ">
      <subfield code="a">Control glucèmic</subfield>
   </datafield>
   <datafield tag="653" ind2=" " ind1=" ">
      <subfield code="a">Diabetes tipo 2</subfield>
   </datafield>
   <datafield tag="653" ind2=" " ind1=" ">
      <subfield code="a">Función pulmonar y respiración nocturna</subfield>
   </datafield>
   <datafield tag="653" ind2=" " ind1=" ">
      <subfield code="a">Control glucémico</subfield>
   </datafield>
   <datafield tag="653" ind2=" " ind1=" ">
      <subfield code="a">Type 2 diabetes</subfield>
   </datafield>
   <datafield tag="653" ind2=" " ind1=" ">
      <subfield code="a">Lung function and sleep breathing</subfield>
   </datafield>
   <datafield tag="653" ind2=" " ind1=" ">
      <subfield code="a">Glycemic control</subfield>
   </datafield>
   <datafield tag="653" ind2=" " ind1=" ">
      <subfield code="a">Medicina</subfield>
   </datafield>
   <datafield tag="653" ind2=" " ind1=" ">
      <subfield code="a">616.4</subfield>
   </datafield>
   <datafield ind2="0" ind1="0" tag="245">
      <subfield code="a">Diabetes, función pulmonar y respiración durante el sueño. ¿Qué ocurre en la prediabetes y cuál es el impacto de la dieta, el ejercicio y la mejora del control glucémico?</subfield>
   </datafield>
</record></metadata></record></GetRecord></OAI-PMH>